| 000 | 00562nam a2200193Ia 4500 | ||
|---|---|---|---|
| 003 | LDD | ||
| 008 | 181029s9999 xx 000 0 und d | ||
| 020 |
_a041538303X _cP 24.99 |
||
| 040 | _cLDD | ||
| 100 | _aKoumi, Jack | ||
| 245 | 0 |
_aDesigning Video and Multimedia for Open and Flexible Learning _cJack Koumi |
|
| 260 |
_aNew York _bRoutledge _c2006 |
||
| 300 | _axv, 237p. | ||
| 365 | _bP 24.99 | ||
| 901 |
_a3787 _b05-02-2007 |
||
| 902 |
_a83089 _b13-02-2007 _cF _dIBD _e0 |
||
| 903 |
_aDiscount-10 _bReqst by : Dikshit, Jyotsna |
||
| 942 |
_2ddc _cBK |
||
| 999 |
_c77922 _d77922 |
||